10 największych gmin miejsko-wiejskich (mazowieckie) - Statystyki

Ogólne statystyki
  • Ten quiz został rozwiązany 48 razy
  • Średni wynik to 4 z 10
Statystyki odpowiedzi
Liczba ludności Gmina % Poprawnych
83 154 Piaseczno
63%
51 818 Wołomin
61%
47 119 Grodzisk Mazowiecki
47%
25 715 Grójec
47%
39 424 Wyszków
37%
26 663 Góra Kalwaria
32%
26 449 Łomianki
32%
29 715 Kozienice
29%
26 299 Brwinów
26%
26 817 Radzymin
26%
Nie znaleziono quizów pasujących do podanych kryteriów
Rozkład punktacji
Procent ludzi z każdym wynikiem
Percentyl według liczby udzielonych odpowiedzi
Twoja historia wyników
Nie rozwiązałeś tego quizu